| 000 | 00709nam a22001937a 4500 | ||
|---|---|---|---|
| 999 |
_c63268 _d63268 |
||
| 005 | 20250711170249.0 | ||
| 008 | 250711s2014 en ||||| |||| 00| 0 eng d | ||
| 020 | _a9781908614476 X | ||
| 041 | _aeng | ||
| 080 | _a811.11.1+338.47 P-56 | ||
| 100 |
_a Phillips, Anna _925641 |
||
| 245 |
_aMoving into tourism & hospitality : _bworkbook A2-B1 / _cAnna Phillips; Terry Phillips |
||
| 264 |
_a Reading : _b Garnet, _c2014. |
||
| 300 |
_a76 p.: _bill; _c+1CD _e29 cm. |
||
| 653 | _aMoving into tourism & hospitality | ||
| 653 | _aტურიზმისა და სტუმართმოყვარეობის სფერო | ||
| 700 |
_a Phillips, Terry _925642 |
||
| 942 |
_2udc _cᲬᲘᲒᲜᲘ |
||